[Event "Wuerttemberg-ch Seniors 15th"]
[Site "Ellwangen"]
[Date "2003.04.14"]
[Round "4"]
[White "Kerkhoff, Werner"]
[Black "Huebner, Eberhard"]
[Result "1-0"]
[WhiteElo "1624"]
[BlackElo "1573"]
[PlyCount "93"]
[EventDate "2003.04.??"]
[EventType "swiss"]
[EventRounds "9"]
[EventCountry "GER"]
[SourceTitle "EXT 2006"]
[Source "ChessBase"]
[SourceDate "2005.11.24"]
[SourceVersion "1"]
[SourceVersionDate "2005.11.24"]
[SourceQuality "1"]

1. c4 Nf6 2. g3 c5 3. Bg2 Nc6 4. Nc3 e6 5. Nf3 a6 6. 0-0 Be7 7. e4 d6 8. d4 cxd4 9. Nxd4 Nxd4 10. Qxd4 e5 11. Qd3 0-0 12. b3 Be6 13. Bb2 Qc7 14. Rfc1 Rac8 15. Nd5 Bxd5 16. cxd5 Qb6 17. Bh3 Rxc1+ 18. Rxc1 h6 19. Rc2 Rd8 20. Qc4 Ne8 21. Bc1 Qd4 22. Qxd4 exd4 23. Rd2 Bf6 24. Bb2 Nc7 25. Bxd4 Bxd4 26. Rxd4 Nb5 27. Rc4 Kf8 28. a4 Na3 29. Rc7 Rb8 30. Rc8+ Rxc8 31. Bxc8 Nb1 32. Bxb7 a5 33. f3 Nd2 34. Kf2 Nxb3 35. Ke3 f6 36. f4 Ke7 37. Bc6 Kd8 38. e5 fxe5 39. fxe5 dxe5 40. Ke4 Kc7 41. Kxe5 Nc5 42. Bb5 Nb7 43. g4 Nd6 44. Ke6 Nxb5 45. axb5 a4 46. d6+ Kb6 47. d7 1-0

[Event "Wuerttemberg-ch Seniors 15th"]
[Site "Ellwangen"]
[Date "2003.04.13"]
[Round "3"]
[White "Huebner, Eberhard"]
[Black "Kahn, Peter"]
[Result "0-1"]
[WhiteElo "1573"]
[BlackElo "1933"]
[PlyCount "94"]
[EventDate "2003.04.??"]
[EventType "swiss"]
[EventRounds "9"]
[EventCountry "GER"]
[SourceTitle "EXT 2006"]
[Source "ChessBase"]
[SourceDate "2005.11.24"]
[SourceVersion "1"]
[SourceVersionDate "2005.11.24"]
[SourceQuality "1"]

1. Nf3 d5 2. d4 Nf6 3. c4 e6 4. e3 Nbd7 5. Be2 c6 6. 0-0 dxc4 7. Bxc4 b5 8. Bd3 Bb7 9. Bd2 a6 10. a3 c5 11. Nc3 Rc8 12. Rc1 Be7 13. Bb1 0-0 14. dxc5 Nxc5 15. Nd4 Qb6 16. b4 Nce4 17. Nxe4 Nxe4 18. Bd3 Bf6 19. Bxe4 Bxe4 20. Bc3 e5 21. Nb3 Rfd8 22. Qg4 Bd3 23. Rfe1 Rc4 24. Qg3 e4 25. Bxf6 Qxf6 26. Rxc4 bxc4 27. Nd4 g6 28. h4 h6 29. Qh3 Qb6 30. Qg3 Rxd4 31. exd4 Qxd4 32. Qe3 Qb2 33. Qc1 c3 34. Qa1 e3 35. f3 Qf2+ 36. Kh1 Qxh4+ 37. Kg1 Qf2+ 38. Kh1 Qb2 39. Qc1 e2 40. Kg1 Qd2 41. Kf2 Bc2 42. Qa1 Bd1 43. g3 c2 44. Qe5 c1Q 45. Qe8+ Kg7 46. Qe5+ Kh7 47. Qe7 Qc4 0-1

[Event "Wuerttemberg-ch Seniors 12th"]
[Site "Ellwangen"]
[Date "2000.??.??"]
[Round "9"]
[White "Blumenstiel, Heinrich"]
[Black "Huebner, Eberhard"]
[Result "1/2-1/2"]
[WhiteElo "1765"]
[BlackElo "1650"]
[PlyCount "94"]
[EventDate "2000.04.??"]
[EventType "swiss"]
[EventRounds "9"]
[EventCountry "GER"]
[SourceTitle "EXT 2006"]
[Source "ChessBase"]
[SourceDate "2005.11.24"]
[SourceVersion "1"]
[SourceVersionDate "2005.11.24"]
[SourceQuality "1"]

1. Nf3 Nf6 2. c4 c5 3. Nc3 Nc6 4. g3 g6 5. Bg2 Bg7 6. 0-0 0-0 7. d3 d6 8. a3 a6 9. Rb1 Bg4 10. h3 Bd7 11. Bd2 Rb8 12. b4 cxb4 13. axb4 b5 14. cxb5 axb5 15. Kh2 Qc7 16. Ng5 h6 17. Nge4 Nxe4 18. Bxe4 e6 19. Bg2 d5 20. e3 Ne7 21. Rc1 Qd6 22. Ne2 Rfc8 23. Rxc8+ Rxc8 24. d4 Rc4 25. Nf4 Nf5 26. Nd3 Rc8 27. Nc5 Bc6 28. Bc3 h5 29. Kg1 Rd8 30. Qe2 Qb8 31. Ra1 Nd6 32. Ra6 Qc8 33. Ra2 Re8 34. Rc2 Nc4 35. Ra2 Re7 36. h4 Kh7 37. Qf3 Qe8 38. Ra6 Kg8 39. Bf1 Bb7 40. Nxb7 Rxb7 41. e4 Rd7 42. Bd3 Qc8 43. Ra2 Nd6 44. Bd2 dxe4 45. Bxe4 Nxe4 46. Qxe4 Kh7 47. Be3 Qc4 1/2-1/2